000 00462nab a2200145Ia 4500
003 ES-SlBCS
005 20210601125259.0
008 140529s1994 xxu||||| |||| 00| 0 eng d
041 _aeng
100 1 _aConee, Earl B.
_9132860
245 0 4 _aThe Nature and the Impossibility of Moral Perfection
_c Earl B. Conee
650 0 4 _aPerfección Moral
_9156106
773 0 _tPhilosophy and Phenomenological Research
_gvol. 54, 1994, págs. 815-826
_wRev1411
942 _cAR
999 _c527749
_d527749